000 00602nam a2200205Ia 4500
005 20250508165038.0
008 008 250505s9999 xx 000 0 eng d
037 _aTextual
040 _aFEDL
_beng
_cFEDL
041 _aeng
_2eng
084 _a790.209 548 2, NAN
_qFEDL
100 _aNanditha Krishna
_9779812
245 0 _aFolk arts of Tamilnadu: The performing arts
260 _aMadars, India
_bThe C. P. Ramaswami Aiyar Foundation
_c1996
300 _a62p.
365 _aINR
_b45
546 _aMACESE
942 _cTEXL
_h790.209 548 2, NAN
999 _c1392817
_d1392817